[Event "9. Int. Bavarian Open"]
[Site "Bad Wiessee"]
[Date "2005.10.29"]
[Round "1"]
[White "Delchev, Aleksander"]
[Black "Sakkal, Cherin"]
[Result "1-0"]
[WhiteElo "2669"]
[BlackElo "2061"]
[PlyCount "39"]
[EventDate "2005.??.??"]

1. e4 e5 2. Bc4 Nf6 3. d3 Bc5 4. Nf3 O-O 5. O-O d6 6. c3 Bb6 7. Re1 Qe7 8. a4
a5 9. Bb3 Na6 10. Nbd2 Nc5 11. Bc2 Nh5 12. Nc4 Qf6 13. Nxb6 cxb6 14. Nxe5 dxe5
15. Qxh5 Ne6 16. Qf5 Bd7 17. Qxf6 gxf6 18. Bh6 Rfd8 19. Re3 Kh8 20. Rf3 1-0

[Event "9. Int. Bavarian Open"]
[Site "Bad Wiessee"]
[Date "2005.10.29"]
[Round "1"]
[White "Schirmer, Werner"]
[Black "Miroshnichenko, Evgenij"]
[Result "0-1"]
[WhiteElo "2061"]
[BlackElo "2634"]
[PlyCount "70"]
[EventDate "2005.??.??"]

1. e4 c5 2. Nf3 d6 3. Bb5+ Nd7 4. c4 Ngf6 5. Nc3 g6 6. O-O Bg7 7. d4 cxd4 8.
Nxd4 O-O 9. Bxd7 Bxd7 10. f3 Rc8 11. b3 a6 12. a4 Qa5 13. Nce2 e5 14. Nc2 Qb6+
15. Ne3 d5 16. Kh1 d4 17. Nd5 Nxd5 18. exd5 a5 19. Ba3 Rfe8 20. Nc1 f5 21. Nd3
g5 22. c5 Qg6 23. Rc1 Qf7 24. d6 Qh5 25. b4 e4 26. fxe4 Qxd1 27. Rfxd1 fxe4 28.
c6 Rxc6 29. Nc5 Rxd6 30. bxa5 e3 31. Nxb7 Rd5 32. Nd6 Rxd6 33. Bxd6 Bxa4 34.
Rg1 d3 35. Bb4 d2 0-1

[Event "9. Int. Bavarian Open"]
[Site "Bad Wiessee"]
[Date "2005.10.29"]
[Round "1"]
[White "Billing, Christian"]
[Black "Landa, Konstantin"]
[Result "0-1"]
[WhiteElo "2060"]
[BlackElo "2600"]
[PlyCount "58"]
[EventDate "2005.??.??"]

1. e4 c5 2. Nc3 a6 3. g3 b5 4. Bg2 Bb7 5. d3 e6 6. f4 d5 7. exd5 Nf6 8. Qe2
Nxd5 9. Nxd5 Bxd5 10. Nf3 Be7 11. O-O O-O 12. Be3 Nc6 13. Qf2 c4 14. dxc4 bxc4
15. c3 Rb8 16. Rfd1 Qa5 17. Nd4 Nxd4 18. Bxd4 Rfd8 19. Rd2 Bxg2 20. Qxg2 Bc5
21. Qf2 Bxd4 22. Rxd4 Rxd4 23. Qxd4 Rd8 24. Qf2 h5 25. h3 Rd3 26. Kh2 h4 27. g4
Qd5 28. Re1 Qd6 29. g5 Rd2 0-1

[Event "9. Int. Bavarian Open"]
[Site "Bad Wiessee"]
[Date "2005.10.29"]
[Round "1"]
[White "Schwarze, Hugo"]
[Black "Bobras, Piotr"]
[Result "0-1"]
[WhiteElo "2057"]
[BlackElo "2563"]
[PlyCount "50"]
[EventDate "2005.??.??"]

1. e4 c5 2. Nf3 d6 3. d4 cxd4 4. Nxd4 Nf6 5. Nc3 a6 6. Be3 e5 7. Nb3 Be6 8. Qd2
Be7 9. Be2 Nbd7 10. O-O Rc8 11. f4 O-O 12. f5 Bc4 13. Bxc4 Rxc4 14. Qe2 Qc7 15.
Nd2 Rb4 16. Rab1 b5 17. Rfc1 Rc8 18. a3 Rxb2 19. Rxb2 Qxc3 20. Rb3 Qc6 21. c4
d5 22. exd5 Nxd5 23. Bf2 Nf4 24. Qf3 Qxf3 25. Nxf3 Ne2+ 0-1

[Event "9. Int. Bavarian Open"]
[Site "Bad Wiessee"]
[Date "2005.10.29"]
[Round "1"]
[White "Johann, Gregor"]
[Black "Bischoff, Klaus"]
[Result "0-1"]
[WhiteElo "2051"]
[BlackElo "2555"]
[PlyCount "80"]
[EventDate "2005.??.??"]

1. Nf3 Nf6 2. g3 d5 3. Bg2 e6 4. d3 Be7 5. Nbd2 b6 6. O-O Bb7 7. Qe1 c5 8. e4
Nc6 9. a3 a5 10. exd5 exd5 11. b3 O-O 12. Bb2 Re8 13. Qd1 a4 14. d4 Qc7 15. Re1
Rad8 16. Qc1 Ba6 17. Bf1 Bxf1 18. Kxf1 c4 19. bxc4 dxc4 20. c3 Na5 21. Qc2 Nb3
22. Rad1 b5 23. Ne5 Qc8 24. Kg2 Nd5 25. h3 f6 26. Ng4 Bd6 27. Nf1 Qb7 28. Kg1
Qd7 29. Kg2 Qf7 30. Nge3 Ne7 31. Re2 f5 32. f4 Ng6 33. Rde1 Rf8 34. Rf2 Rde8
35. Ree2 Re4 36. Nd2 Nxd2 37. Qxd2 Rfe8 38. Bc1 h5 39. Nf1 h4 40. Rxe4 Rxe4 0-1

[Event "9. Int. Bavarian Open"]
[Site "Bad Wiessee"]
[Date "2005.10.29"]
[Round "1"]
[White "Romanishin, Oleg"]
[Black "Wallhof, Dieter"]
[Result "1-0"]
[WhiteElo "2547"]
[BlackElo "2051"]
[PlyCount "53"]
[EventDate "2005.??.??"]

1. d4 Nf6 2. Nf3 g6 3. g3 Bg7 4. Bg2 c5 5. O-O cxd4 6. Nxd4 O-O 7. c4 Nc6 8.
Nc3 a6 9. e3 e5 10. Nc2 d6 11. b3 Qc7 12. Ba3 Rd8 13. Rc1 Be6 14. Qd2 Rd7 15.
Rfd1 Rad8 16. Nd5 Bxd5 17. cxd5 Ne7 18. e4 Qb8 19. Ne3 Bh6 20. Qd3 Ne8 21. Bh3
Bxe3 22. Qxe3 Rc7 23. f4 exf4 24. gxf4 Rxc1 25. Rxc1 Nf6 26. Bb2 Kg7 27. Bxf6+
1-0

[Event "9. Int. Bavarian Open"]
[Site "Bad Wiessee"]
[Date "2005.10.29"]
[Round "1"]
[White "Hesse, Maximilian"]
[Black "Kritz, Leonid"]
[Result "0-1"]
[WhiteElo "2050"]
[BlackElo "2545"]
[PlyCount "81"]
[EventDate "2005.??.??"]

1. c4 e5 2. Nc3 Nf6 3. g3 d5 4. cxd5 Nxd5 5. Bg2 Nb6 6. Nf3 Nc6 7. d3 Be7 8.
O-O O-O 9. a3 a5 10. Be3 Be6 11. Rc1 Nd5 12. Nxd5 Bxd5 13. Qa4 Bd6 14. Bc5 Ne7
15. Nd2 c6 16. Bxd6 Qxd6 17. Nc4 Qc7 18. Ne3 Bxg2 19. Kxg2 f5 20. Qc4+ Kh8 21.
Nd5 Nxd5 22. Qxd5 Rad8 23. Qc5 Rf6 24. Rc2 Rh6 25. Rd1 f4 26. b4 b6 27. Qc4 Qc8
28. h4 Rd4 29. Qf7 fxg3 30. fxg3 Rf6 31. Qe7 Rxh4 32. Qxf6 Qh3+ 33. Kf2 gxf6
34. gxh4 Qh2+ 35. Kf3 Qf4+ 36. Kg2 e4 37. Rcc1 axb4 38. axb4 e3 39. Rxc6 Qg4+
40. Kf1 Qg3 41. Rxf6 0-1

[Event "9. Int. Bavarian Open"]
[Site "Bad Wiessee"]
[Date "2005.10.29"]
[Round "1"]
[White "Baramidze, David"]
[Black "Urban, Rudolf"]
[Result "1-0"]
[WhiteElo "2542"]
[BlackElo "2050"]
[PlyCount "93"]
[EventDate "2005.??.??"]

1. e4 c6 2. d3 d5 3. Nd2 e5 4. g3 Nf6 5. Bg2 dxe4 6. dxe4 Be7 7. Ngf3 Bg4 8. h3
Bxf3 9. Qxf3 Nbd7 10. O-O O-O 11. Rd1 Qc7 12. b3 Rfe8 13. Bb2 b5 14. a4 a6 15.
Qe3 Bf8 16. Kh1 Bc5 17. Qe2 Nf8 18. Nf3 Ng6 19. Ne1 Qe7 20. Ra2 Rad8 21. Rxd8
Rxd8 22. axb5 axb5 23. Nd3 Bd6 24. Ra6 Qb7 25. Ra1 Ra8 26. Qd1 Rxa1 27. Qxa1
Nd7 28. h4 f6 29. h5 Ngf8 30. Qd1 Nc5 31. h6 Nxd3 32. Qxd3 Qe7 33. hxg7 Ne6 34.
Bh3 Ng5 35. Bf5 Kxg7 36. Qd1 Bc5 37. Kg2 Qd6 38. Qxd6 Bxd6 39. Bd7 c5 40. Bxb5
Nxe4 41. Kf3 Ng5+ 42. Kg4 Ne6 43. c3 Kf7 44. Bc4 Ke7 45. Bc1 Nf8 46. Kf5 Ng6
47. Bg8 1-0

[Event "9. Int. Bavarian Open"]
[Site "Bad Wiessee"]
[Date "2005.10.29"]
[Round "1"]
[White "Eidelmann, Vova"]
[Black "Naumann, Alexander"]
[Result "0-1"]
[WhiteElo "2049"]
[BlackElo "2534"]
[PlyCount "68"]
[EventDate "2005.??.??"]

1. d4 Nf6 2. c4 e6 3. Nf3 d5 4. Nc3 dxc4 5. Qa4+ c6 6. Qxc4 b5 7. Qb3 Nbd7 8.
Bg5 Be7 9. e3 Bb7 10. Be2 a6 11. O-O O-O 12. Rfd1 Rc8 13. Ne5 Qe8 14. Nxd7 Nxd7
15. Bxe7 Qxe7 16. Bf3 Rc7 17. Rac1 c5 18. Bxb7 c4 19. Qc2 Rxb7 20. Qe4 Rbb8 21.
Rd2 Rfd8 22. Rcd1 Nf6 23. Qh4 Nd5 24. Qxe7 Nxe7 25. e4 Rd7 26. f3 Rbd8 27. Kf2
Nc6 28. Ke3 Nb4 29. a3 Nd3 30. Ne2 e5 31. dxe5 Nxb2 32. Rxd7 Nxd1+ 33. Rxd1
Rxd1 34. Nf4 c3 0-1

[Event "9. Int. Bavarian Open"]
[Site "Bad Wiessee"]
[Date "2005.10.29"]
[Round "1"]
[White "Rotstein, Arkadij"]
[Black "Ries, Berthold"]
[Result "1-0"]
[WhiteElo "2528"]
[BlackElo "2049"]
[PlyCount "53"]
[EventDate "2005.??.??"]

1. e4 c5 2. Nf3 d6 3. d4 cxd4 4. Nxd4 Nf6 5. Nc3 a6 6. Be3 e5 7. Nb3 Be6 8. Qd2
Nbd7 9. f3 h5 10. O-O-O Be7 11. Kb1 b5 12. Nd5 Nxd5 13. exd5 Bf5 14. Na5 Qc7
15. Nc6 Bf6 16. Bd3 Bxd3 17. Qxd3 Rc8 18. h4 Nb8 19. Nxb8 Rxb8 20. Bg5 Qd8 21.
f4 Bxg5 22. hxg5 Kf8 23. fxe5 dxe5 24. Qf5 Rb6 25. Rhf1 Qe8 26. d6 Rb8 27. d7
1-0

[Event "9. Int. Bavarian Open"]
[Site "Bad Wiessee"]
[Date "2005.10.29"]
[Round "1"]
[White "Ramseier, Jürg"]
[Black "Bromberger, Stefan"]
[Result "0-1"]
[WhiteElo "2044"]
[BlackElo "2478"]
[PlyCount "52"]
[EventDate "2005.??.??"]

1. d4 Nf6 2. c4 g6 3. Nc3 Bg7 4. e4 d6 5. Be2 O-O 6. g4 c5 7. d5 e6 8. g5 Nfd7
9. h4 exd5 10. cxd5 Qe7 11. Qd3 Na6 12. Bf4 Nb4 13. Qb1 f5 14. gxf6 Qxf6 15.
Bg3 c4 16. Bxc4 Ne5 17. Be2 Bg4 18. a3 Bxe2 19. Kxe2 Nbd3 20. Bxe5 Nxe5 21. Qf1
Nc4 22. Rh3 Rae8 23. Rf3 Rxe4+ 24. Nxe4 Qxb2+ 25. Kd3 Qb3+ 26. Ke2 Qc2+ 0-1

[Event "9. Int. Bavarian Open"]
[Site "Bad Wiessee"]
[Date "2005.10.29"]
[Round "1"]
[White "Mörger, Karl-Heinz"]
[Black "Zysk, Robert"]
[Result "0-1"]
[WhiteElo "2040"]
[BlackElo "2460"]
[PlyCount "58"]
[EventDate "2005.??.??"]

1. e4 g6 2. g3 d5 3. exd5 Qxd5 4. Qf3 Qd6 5. Bg2 Nc6 6. Ne2 Nf6 7. h3 Bg7 8.
O-O O-O 9. a3 Ne5 10. Qb3 Be6 11. Qa4 Bd5 12. Bxd5 Qxd5 13. Nbc3 Nf3+ 14. Kh1
Qf5 15. Kg2 Ng5 16. Ng1 Nfe4 17. Nxe4 Nxe4 18. d3 Nd6 19. Qb3 Qc5 20. Be3 Qc6+
21. Kh2 Nf5 22. Rae1 Rad8 23. f4 Rd5 24. c4 Rd7 25. Nf3 Rfd8 26. d4 Bxd4 27.
Bxd4 Nxd4 28. Ne5 Nxb3 29. Nxc6 bxc6 0-1

[Event "9. Int. Bavarian Open"]
[Site "Bad Wiessee"]
[Date "2005.10.29"]
[Round "1"]
[White "Hoffmann, Michael"]
[Black "Oehrlein, Alexander"]
[Result "1-0"]
[WhiteElo "2443"]
[BlackElo "2040"]
[PlyCount "53"]
[EventDate "2005.??.??"]

1. e4 c5 2. Nf3 d6 3. d4 cxd4 4. Nxd4 Nf6 5. Nc3 a6 6. Be3 e5 7. Nb3 Be6 8. f4
Nbd7 9. f5 Bxb3 10. axb3 Be7 11. Qf3 Qc7 12. O-O-O b5 13. g4 h6 14. h4 b4 15.
Na4 Nc5 16. Nxc5 dxc5 17. g5 hxg5 18. hxg5 Rxh1 19. Qxh1 Nd7 20. Bc4 Bf8 21. g6
f6 22. Qh8 Qa5 23. Kb1 O-O-O 24. Be6 Kb8 25. Rxd7 Rxd7 26. Bxd7 Qd8 27. Bxc5
1-0

[Event "9. Int. Bavarian Open"]
[Site "Bad Wiessee"]
[Date "2005.10.29"]
[Round "1"]
[White "Steinhart, Christoph"]
[Black "Kopylov, Michael"]
[Result "0-1"]
[WhiteElo "2040"]
[BlackElo "2445"]
[PlyCount "68"]
[EventDate "2005.??.??"]

1. e4 Nf6 2. e5 Nd5 3. d4 d6 4. Bc4 c6 5. Nf3 g6 6. O-O Bg7 7. Bb3 O-O 8. c4
Nc7 9. Bf4 Bg4 10. h3 Bxf3 11. Qxf3 Ne6 12. Rd1 Nxf4 13. Qxf4 dxe5 14. dxe5 Qc7
15. Nc3 Nd7 16. Rd2 Bxe5 17. Qf3 Nc5 18. Bc2 Qa5 19. Rad1 Bxc3 20. bxc3 Rad8
21. Qe3 Ne6 22. Rxd8 Rxd8 23. Rxd8+ Qxd8 24. Qxa7 Qd2 25. Bb3 Qe1+ 26. Kh2 Qe5+
27. Kg1 Nc5 28. Qa8+ Kg7 29. Qd8 Ne4 30. Qd7 Nxc3 31. Qxb7 Qe1+ 32. Kh2 Ne2 33.
h4 Qg1+ 34. Kh3 Qh1+ 0-1

[Event "9. Int. Bavarian Open"]
[Site "Bad Wiessee"]
[Date "2005.10.29"]
[Round "1"]
[White "Maurer, Rainer"]
[Black "Rau, Hannes"]
[Result "0-1"]
[WhiteElo "2035"]
[BlackElo "2421"]
[PlyCount "84"]
[EventDate "2005.??.??"]

1. d4 Nf6 2. Nf3 e6 3. Bf4 c5 4. e3 Qb6 5. Nc3 a6 6. Rb1 d6 7. Bd3 Nbd7 8. O-O
Qc7 9. a4 Nh5 10. Re1 g6 11. Bg5 h6 12. Bh4 g5 13. Nd2 Ndf6 14. Be2 Ng7 15. Bg3
Nf5 16. Nde4 Nxe4 17. Nxe4 Nxg3 18. Nxg3 Bd7 19. c3 Be7 20. b4 cxb4 21. cxb4 d5
22. Qb3 Rc8 23. b5 a5 24. Qb2 Bd6 25. Rec1 Qb8 26. Rxc8+ Qxc8 27. Rc1 Qb8 28.
Qc3 b6 29. Bh5 Ke7 30. Qd3 f5 31. Bf3 h5 32. Nxf5+ exf5 33. Bxd5 Bxh2+ 34. Kf1
Qd6 35. e4 Bf4 36. Rc2 Rc8 37. Bc6 Bxc6 38. e5 Bxg2+ 39. Kxg2 Qd5+ 40. Kf1 Rxc2
41. Qxc2 Qh1+ 42. Ke2 Qe4+ 0-1

[Event "9. Int. Bavarian Open"]
[Site "Bad Wiessee"]
[Date "2005.10.29"]
[Round "1"]
[White "Karrer, Werner"]
[Black "Pirrot, Dieter"]
[Result "0-1"]
[WhiteElo "2033"]
[BlackElo "2401"]
[PlyCount "32"]
[EventDate "2005.??.??"]

1. e4 d5 2. exd5 Qxd5 3. Nc3 Qa5 4. d4 Nf6 5. Nf3 Bg4 6. h3 Bh5 7. g4 Bg6 8.
Ne5 e6 9. Bg2 c6 10. h4 Nbd7 11. Nxd7 Kxd7 12. h5 Be4 13. Bxe4 Nxe4 14. Qf3
Nxc3 15. Qxf7+ Be7 16. Bd2 Qd5 0-1

[Event "9. Int. Bavarian Open"]
[Site "Bad Wiessee"]
[Date "2005.10.29"]
[Round "1"]
[White "Ziemann, Nadine"]
[Black "Zaragatski, Ilja"]
[Result "0-1"]
[WhiteElo "2029"]
[BlackElo "2376"]
[PlyCount "78"]
[EventDate "2005.??.??"]

1. e4 e6 2. d3 d5 3. Nd2 Nf6 4. g3 Bc5 5. Bg2 O-O 6. e5 Nfd7 7. Ngf3 Nc6 8. Nb3
Be7 9. Qe2 a5 10. O-O a4 11. Nbd4 Ndxe5 12. Nxc6 Nxc6 13. Re1 a3 14. c3 Bf6 15.
d4 axb2 16. Qxb2 Na5 17. Ne5 b6 18. f4 Ba6 19. Bh3 Nc4 20. Nxc4 Bxc4 21. f5
exf5 22. Bxf5 Re8 23. Rxe8+ Qxe8 24. Qf2 Qe2 25. Qxe2 Bxe2 26. Bd7 Bc4 27. a4
c5 28. Be3 Ra7 29. Bc6 Rc7 30. Bb5 cxd4 31. cxd4 Kf8 32. Rb1 Ke7 33. Kg2 Bxb5
34. Rxb5 Rc3 35. Bg1 Ke6 36. Rxb6+ Kf5 37. Rb8 Ra3 38. Re8 Rxa4 39. h3 Bxd4 0-1

[Event "9. Int. Bavarian Open"]
[Site "Bad Wiessee"]
[Date "2005.10.29"]
[Round "1"]
[White "Selg, Rudolf"]
[Black "Bücker, Stefan"]
[Result "0-1"]
[WhiteElo "2018"]
[BlackElo "2349"]
[PlyCount "46"]
[EventDate "2005.??.??"]

1. e4 d6 2. d4 f5 3. Nc3 Nf6 4. e5 dxe5 5. dxe5 Qxd1+ 6. Nxd1 Nd5 7. Ne3 c6 8.
Bc4 e6 9. Ne2 Bc5 10. Nxd5 cxd5 11. Bb5+ Nc6 12. f4 Bd7 13. Bxc6 bxc6 14. c3
Bb6 15. Nd4 c5 16. Nc2 Kf7 17. Be3 Bb5 18. Kd2 d4 19. cxd4 cxd4 20. Bxd4 Rhd8
21. Ke3 Rac8 22. Rac1 Rxc2 23. Rxc2 Rxd4 0-1

[Event "9. Int. Bavarian Open"]
[Site "Bad Wiessee"]
[Date "2005.10.29"]
[Round "1"]
[White "Stark, Lars"]
[Black "Vonach, Bernhard"]
[Result "1-0"]
[WhiteElo "2342"]
[BlackElo "2017"]
[PlyCount "71"]
[EventDate "2005.??.??"]

1. c4 Nf6 2. g3 c6 3. Nf3 d5 4. Bg2 e6 5. b3 Bd6 6. Bb2 O-O 7. O-O b6 8. d3
Nbd7 9. Nc3 Bb7 10. e4 Qb8 11. Qc2 a6 12. Rad1 b5 13. Rfe1 bxc4 14. dxc4 dxe4
15. Nxe4 Nxe4 16. Qxe4 c5 17. Qg4 g6 18. Qh4 Bxf3 19. Bxf3 Ra7 20. Bc6 f6 21.
Rxe6 Be5 22. Re7 h5 23. Qe4 f5 24. Qd5+ Kh8 25. Bxe5+ Nxe5 26. Qxe5+ Qxe5 27.
Rxe5 Rf6 28. Rd8+ Kg7 29. Bd5 g5 30. Ree8 g4 31. Rh8 Kg6 32. Rdg8+ Rg7 33.
Rxg7+ Kxg7 34. Rc8 f4 35. Rc7+ Kh6 36. Rf7 1-0

[Event "9. Int. Bavarian Open"]
[Site "Bad Wiessee"]
[Date "2005.10.29"]
[Round "1"]
[White "Volz, Harald"]
[Black "Hedke, Fred"]
[Result "0-1"]
[WhiteElo "2016"]
[BlackElo "2339"]
[PlyCount "40"]
[EventDate "2005.??.??"]

1. e4 e5 2. Bc4 Nf6 3. d4 exd4 4. Nf3 Nc6 5. O-O d6 6. Re1 Be7 7. Nxd4 O-O 8.
Nf5 Bxf5 9. exf5 Qd7 10. g4 h6 11. Nc3 Ne5 12. Be2 Rfe8 13. f4 Nc6 14. g5 Qxf5
15. gxf6 Bxf6 16. Bd2 Nd4 17. Bd3 Rxe1+ 18. Qxe1 Qh3 19. Be4 Nxc2 20. Bxc2 Bd4+
0-1

[Event "9. Int. Bavarian Open"]
[Site "Bad Wiessee"]
[Date "2005.10.29"]
[Round "1"]
[White "Hefter, Franz"]
[Black "Brener, Ilja"]
[Result "0-1"]
[WhiteElo "2015"]
[BlackElo "2334"]
[PlyCount "54"]
[EventDate "2005.??.??"]

1. d4 Nf6 2. c4 Nc6 3. Nc3 e5 4. d5 Ne7 5. e4 Ng6 6. Bd3 Bb4 7. Nge2 O-O 8. f3
Nh5 9. Be3 Nhf4 10. Nxf4 Bxc3+ 11. bxc3 exf4 12. Bf2 d6 13. O-O b6 14. Bd4 Bd7
15. Rf2 Qg5 16. Bf1 Rae8 17. a4 a5 18. Rb2 Re7 19. Kh1 Rfe8 20. Bg1 f5 21. Bd3
Nh4 22. Qf1 fxe4 23. Bxe4 Bf5 24. Re2 Bxe4 25. Rxe4 Rxe4 26. fxe4 Rxe4 27. Re1
Rxe1 0-1

[Event "9. Int. Bavarian Open"]
[Site "Bad Wiessee"]
[Date "2005.10.30"]
[Round "2"]
[White "Arjun, Vishnuvardhan"]
[Black "Delchev, Aleksander"]
[Result "0-1"]
[WhiteElo "2190"]
[BlackElo "2669"]
[PlyCount "64"]
[EventDate "2005.??.??"]

1. e4 c5 2. Nc3 Nc6 3. g3 g6 4. Bg2 Bg7 5. d3 d6 6. Be3 e5 7. Qd2 Nge7 8. f4
Nd4 9. Nf3 O-O 10. O-O Qb6 11. Rab1 Bg4 12. Nh4 exf4 13. Bxf4 Rad8 14. Rf2 Be6
15. Nd5 Nxd5 16. exd5 Bc8 17. c3 Nf5 18. Nxf5 Bxf5 19. Bg5 Rde8 20. Rbf1 Qa6
21. Rxf5 gxf5 22. Rxf5 Qxa2 23. Bh6 Qb1+ 24. Bf1 Bxh6 25. Qxh6 f6 26. Rxf6 Rxf6
27. Qxf6 Rf8 28. Qe6+ Kh8 29. Qe2 b5 30. h4 a5 31. d4 cxd4 32. cxd4 b4 0-1

[Event "9. Int. Bavarian Open"]
[Site "Bad Wiessee"]
[Date "2005.10.30"]
[Round "2"]
[White "Schulz, Jürgen"]
[Black "Khenkin, Igor"]
[Result "0-1"]
[WhiteElo "2189"]
[BlackElo "2603"]
[PlyCount "76"]
[EventDate "2005.??.??"]

1. e4 c6 2. d4 d5 3. Nc3 dxe4 4. Nxe4 Bf5 5. Ng3 Bg6 6. Nf3 Nd7 7. h4 h6 8. h5
Bh7 9. Bd3 Bxd3 10. Qxd3 e6 11. Bd2 Ngf6 12. Qe2 Qc7 13. O-O-O O-O-O 14. Ne5
Nb6 15. Rh4 Bd6 16. Re1 c5 17. dxc5 Bxc5 18. Nd3 Rd4 19. Bf4 Bd6 20. Bxd6 Rxd6
21. Ne5 Rhd8 22. Nc4 Rc6 23. Na5 Rc5 24. Nb3 Rc4 25. Rxc4 Nxc4 26. a3 Qf4+ 27.
Kb1 Nd2+ 28. Ka2 Nxb3 29. cxb3 Rd2 30. Rc1+ Kb8 31. Qe1 Qd4 32. Rb1 Nd5 33. Ka1
Rxf2 34. Ne4 Rxg2 35. Qa5 b6 36. Qb5 Qxe4 37. Qe8+ Kb7 38. Rc1 Rc2 0-1

[Event "9. Int. Bavarian Open"]
[Site "Bad Wiessee"]
[Date "2005.10.30"]
[Round "2"]
[White "Gabriel, Josef"]
[Black "Eingorn, Vereslav"]
[Result "0-1"]
[WhiteElo "2187"]
[BlackElo "2587"]
[PlyCount "106"]
[EventDate "2005.??.??"]

1. f4 d5 2. Nf3 g6 3. g3 Bg7 4. Bg2 c6 5. Nc3 Nf6 6. O-O d4 7. Nb1 O-O 8. d3
Nd5 9. Bd2 c5 10. c3 Nc6 11. Qb3 Nb6 12. Ng5 c4 13. Qc2 Bf5 14. Ne4 Rc8 15. Na3
dxc3 16. Bxc3 cxd3 17. Qxd3 Qxd3 18. exd3 Nd4 19. Kf2 Na4 20. Rfc1 b5 21. Ke3
Rfd8 22. Ba5 Nb6 23. Bxb6 axb6 24. Rxc8 Rxc8 25. Kd2 Be6 26. Ng5 b4 27. Nxe6
bxa3 28. Nxd4 axb2 29. Rb1 Bxd4 30. Kd1 e6 31. Bb7 Rc5 32. a4 g5 33. fxg5 Rxg5
34. Ba6 Rf5 35. Kc2 Rf2+ 36. Kb3 Rxh2 37. Kc4 e5 38. Kb3 h5 39. Bc4 Kg7 40. Rf1
Rf2 41. Rh1 Kg6 42. Ka2 Kg5 43. Bd5 Kg4 44. Kb1 Kxg3 45. Rg1+ Kh4 46. Ba2 f5
47. Bf7 Rh2 48. Rf1 f4 49. Bd5 Kg5 50. Be4 h4 51. Bd5 h3 52. Be6 Kh4 53. Ka2
Rd2 0-1

[Event "9. Int. Bavarian Open"]
[Site "Bad Wiessee"]
[Date "2005.10.30"]
[Round "2"]
[White "Keller, Manfred"]
[Black "Sandipan, Chanda"]
[Result "0-1"]
[WhiteElo "2183"]
[BlackElo "2560"]
[PlyCount "80"]
[EventDate "2005.??.??"]

1. d4 Nf6 2. Nc3 d5 3. Bg5 Nbd7 4. Nf3 h6 5. Bh4 e6 6. e3 Be7 7. Bd3 c5 8. O-O
b6 9. Re1 Bb7 10. Ne5 Nxe5 11. dxe5 Nd7 12. Bg3 h5 13. h3 a6 14. a4 Qc7 15. f4
O-O-O 16. Bf1 f6 17. f5 Nxe5 18. fxe6 Qc6 19. Qe2 Qxe6 20. e4 dxe4 21. Nxe4 h4
22. Ng5 fxg5 23. Bxe5 Bf6 24. Bxf6 Qxf6 25. Qe6+ Kc7 26. a5 b5 27. Qe7+ Kb8 28.
Qxc5 Rd5 29. Qf2 Rf5 30. Qb6 Qxb6+ 31. axb6 Rhf8 32. Re7 Rf2 33. Rxg7 Rxc2 34.
Rxg5 Rxb2 35. Re1 Rd2 36. Rg7 Rd6 37. Ree7 Rxb6 38. Bd3 b4 39. Rg4 b3 40. Rxh4
Rd8 0-1

[Event "9. Int. Bavarian Open"]
[Site "Bad Wiessee"]
[Date "2005.10.30"]
[Round "2"]
[White "Bischoff, Klaus"]
[Black "Lodes, Hermann"]
[Result "1-0"]
[WhiteElo "2555"]
[BlackElo "2183"]
[PlyCount "57"]
[EventDate "2005.??.??"]

1. d4 d5 2. c4 c6 3. e3 Nf6 4. Nc3 g6 5. Nf3 Bg7 6. Be2 dxc4 7. Bxc4 O-O 8. O-O
b5 9. Be2 a6 10. Qc2 Qc7 11. e4 e6 12. Rd1 c5 13. e5 Nfd7 14. Ne4 Nc6 15. Bf4
Bb7 16. Nd6 Nb4 17. Qd2 Bd5 18. dxc5 Nc6 19. Qe3 Nb4 20. Nd4 Qxc5 21. Rdc1 Qb6
22. a3 Na2 23. Rd1 f6 24. exf6 Bxf6 25. Bg3 b4 26. Bf3 Bxd4 27. Rxd4 Rxf3 28.
gxf3 bxa3 29. bxa3 1-0

[Event "9. Int. Bavarian Open"]
[Site "Bad Wiessee"]
[Date "2005.10.30"]
[Round "2"]
[White "Kritz, Leonid"]
[Black "Schweiger, Georg"]
[Result "1/2-1/2"]
[WhiteElo "2545"]
[BlackElo "2181"]
[PlyCount "44"]
[EventDate "2005.??.??"]

1. e4 e6 2. d4 d5 3. Nc3 Bb4 4. e5 c5 5. a3 Bxc3+ 6. bxc3 Qc7 7. Qg4 f5 8. Qg3
cxd4 9. cxd4 Ne7 10. Bd2 O-O 11. Ne2 Ng6 12. h4 Rf7 13. h5 Nf8 14. Nf4 Nc6 15.
Qd3 Nxe5 16. Qb3 Nc4 17. Bc1 Bd7 18. Nd3 e5 19. dxe5 Nxe5 20. Nf4 Re8 21. Be2
Bc6 22. O-O Ng4 1/2-1/2

[Event "9. Int. Bavarian Open"]
[Site "Bad Wiessee"]
[Date "2005.10.30"]
[Round "2"]
[White "Schwarz, Thomas"]
[Black "Baramidze, David"]
[Result "0-1"]
[WhiteElo "2179"]
[BlackElo "2542"]
[PlyCount "72"]
[EventDate "2005.??.??"]

1. d4 Nf6 2. c4 g6 3. Nc3 d5 4. Bf4 Bg7 5. e3 c6 6. Nf3 O-O 7. Be2 dxc4 8. Bxc4
b5 9. Be2 Nbd7 10. h3 a6 11. O-O c5 12. a4 b4 13. Na2 Nd5 14. Bh2 Bb7 15. e4
N5f6 16. e5 Ne4 17. dxc5 a5 18. Nc1 Ndxc5 19. Nd3 Rc8 20. Nxc5 Nxc5 21. Bb5 Qb6
22. Qe2 Bd5 23. Qe3 e6 24. Bf4 Qb7 25. Rfe1 Nb3 26. Rab1 Rc7 27. Bf1 Rfc8 28.
Kh2 Bf8 29. Bg3 Nc5 30. Bb5 Ne4 31. Qf4 Nxg3 32. Qxg3 Qb6 33. Re2 Bh6 34. Ng5
Rc2 35. Rbe1 Qd4 36. Ne4 Rxe2 0-1

[Event "9. Int. Bavarian Open"]
[Site "Bad Wiessee"]
[Date "2005.10.30"]
[Round "2"]
[White "Naumann, Alexander"]
[Black "Hempel, Olaf"]
[Result "1-0"]
[WhiteElo "2534"]
[BlackElo "2178"]
[PlyCount "47"]
[EventDate "2005.??.??"]

1. e4 c6 2. c4 d5 3. exd5 cxd5 4. cxd5 Nf6 5. Qa4+ Bd7 6. Qb3 Qc7 7. Nc3 Na6 8.
d4 Qb6 9. Bxa6 Qxa6 10. Bg5 h6 11. Bf4 g5 12. Be5 Bg7 13. Nge2 O-O 14. O-O Bf5
15. Ng3 Bd3 16. Rfe1 Rac8 17. Qd1 Rfe8 18. Qf3 Nd7 19. Bxg7 Kxg7 20. Re3 Bg6
21. Rae1 Qd6 22. Nf5+ Bxf5 23. Qxf5 Nf6 24. h4 1-0

[Event "9. Int. Bavarian Open"]
[Site "Bad Wiessee"]
[Date "2005.10.30"]
[Round "2"]
[White "Schneider, David"]
[Black "Burmakin, Vladimir"]
[Result "0-1"]
[WhiteElo "2154"]
[BlackElo "2508"]
[PlyCount "56"]
[EventDate "2005.??.??"]

1. e4 c6 2. d4 g6 3. Nc3 d5 4. e5 Bg7 5. Nf3 f6 6. Bf4 Nh6 7. Bd3 O-O 8. h3 Nf7
9. Qe2 fxe5 10. Nxe5 Nd7 11. Bg3 Nfxe5 12. dxe5 d4 13. Ne4 Qa5+ 14. Nd2 Nxe5
15. O-O Nxd3 16. cxd3 Bf5 17. Nc4 Qd5 18. Rfe1 Rae8 19. Be5 Bh6 20. g4 Bd7 21.
Qe4 Qxe4 22. Rxe4 c5 23. Bg3 Bc6 24. Re5 b6 25. Rae1 Rf3 26. Re6 Bb5 27. Rxe7
Rxe7 28. Rxe7 Rxd3 0-1

[Event "9. Int. Bavarian Open"]
[Site "Bad Wiessee"]
[Date "2005.10.30"]
[Round "2"]
[White "Kostic, Vladimir"]
[Black "Kelchner, Hans"]
[Result "1-0"]
[WhiteElo "2502"]
[BlackElo "2169"]
[PlyCount "45"]
[EventDate "2005.??.??"]

1. d4 d5 2. Nf3 Nf6 3. c4 e6 4. Nc3 Be7 5. Qc2 O-O 6. Bg5 h6 7. Bxf6 Bxf6 8.
O-O-O b6 9. e4 dxe4 10. Qxe4 c6 11. h4 g6 12. h5 Bg5+ 13. Nxg5 Qxg5+ 14. f4 Qf5
15. Qe3 g5 16. g3 Bd7 17. Bd3 Qa5 18. c5 f6 19. fxg5 hxg5 20. Qe4 f5 21. Qe3 g4
22. Qg5+ Kf7 23. Ne4 1-0

[Event "9. Int. Bavarian Open"]
[Site "Bad Wiessee"]
[Date "2005.10.30"]
[Round "2"]
[White "Feldbacher, Harald"]
[Black "Akesson, Ralf"]
[Result "0-1"]
[WhiteElo "2170"]
[BlackElo "2486"]
[PlyCount "54"]
[EventDate "2005.??.??"]

1. e4 c5 2. Nf3 e6 3. c3 d5 4. e5 Nc6 5. d4 Bd7 6. Be2 Nge7 7. O-O Ng6 8. a3
Rc8 9. b4 cxd4 10. cxd4 f6 11. Re1 Be7 12. Bd3 O-O 13. b5 Na5 14. Bxg6 hxg6 15.
Qd3 f5 16. a4 Nc4 17. Nbd2 g5 18. Nxc4 dxc4 19. Qc3 g4 20. Nd2 a6 21. Rb1 axb5
22. axb5 Be8 23. Nf1 f4 24. Nd2 Qd5 25. f3 gxf3 26. gxf3 Bxb5 27. Ne4 Bc6 0-1